Popular ports in Central America&Caribe Quiz Stats

 Plays Quiz not verified by Sporcle

Challenge
Share
Tweet
Embed
Score 0/31 Timer 10:00
0 Plays Today
Countries Ports % Correct
PanamaPanama
72.5%
Dominican RepSanto Domingo
67.5%
Puerto RicoSan Juan
62.5%
El SalvadorSan Salvador
60%
HaitiPort au Prince
60%
GuatemalaGuatemala
55%
JamicaKingston
55%
Veracruz
52.5%
Managua
50%
Costa RicaSan Jose
50%
Tegucigalpa
42.5%
Guadalajara
30%
Monterrey
22.5%
HondurasSan Pedro Sula
20%
Limon
17.5%
Manzanillo
15%
Countries Ports % Correct
Acajutla
15%
Colon
12.5%
Queretaro
10%
Toluca
10%
othersWillemstad
10%
MexicoEnsenada
7.5%
San Luis Potosi
7.5%
ciudad de Mexico
7.5%
Progreso
7.5%
Puerto Cortes
7.5%
NicaraguaCorinto
7.5%
Lazaro Cardena
5%
CubaLa Habana
5%
Oranjestad
5%
Rio Haina
2.5%

You're not logged in!

Compare scores with friends on all Sporcle quizzes.
Join for Free
OR
Log In

You Might Also Like...

Show Comments

Extras

Top Quizzes Today


Score Distribution

Your Account Isn't Verified!

In order to create a playlist on Sporcle, you need to verify the email address you used during registration. Go to your Sporcle Settings to finish the process.

Report this User

Report this user for behavior that violates our Community Guidelines.

Details: